Normal view
MARC view
- Islam and Quran
Entry Topical Term
001 - CONTROL NUMBER
- control field: 109638
003 - CONTROL NUMBER IDENTIFIER
- control field: NUST
005 - DATE AND TIME OF LATEST TRANSACTION
- control field: 20230228134028.0
008 - FIXED-LENGTH DATA ELEMENTS
- fixed length control field: 230228|| aca||aabn | a|a d
040 ## - CATALOGING SOURCE
- Original cataloging agency: NUST
- Transcribing agency: NUST
150 ## - HEADING--TOPICAL TERM
- Topical term or geographic name entry element: Islam and Quran
670 ## - SOURCE DATA FOUND
- Source citation: Work cat.: (NUST)188192: Nadvi, Muhammad Shahab udin 109637, Islam ke Nishatt-e-Sania Quran ke Nazar main /
